Visual data mining : Techniques and tools for data visualization and mining
This book describes how various types of business problems can be solved using visual mining techniques. After introducing the business issues and fundamentals, it then presents a step-by-step methodology for implementing visual mining techniques into your own business intelligence project.
Na minha lista:
| Autor principal: | |
|---|---|
| Formato: | Livro |
| Idioma: | Undetermined |
| Publicado em: |
New York
Wiley Publ
c2002
|
| Assuntos: | |
| Tags: |
Adicionar Tag
Sem tags, seja o primeiro a adicionar uma tag!
|
| Thư viện lưu trữ: | Trung tâm Học liệu Trường Đại học Cần Thơ |
|---|
| LEADER | 00992nam a2200217Ia 4500 | ||
|---|---|---|---|
| 001 | CTU_153229 | ||
| 008 | 210402s9999 xx 000 0 und d | ||
| 020 | |c 41.99 | ||
| 082 | |a 006.3 | ||
| 082 | |b S719 | ||
| 100 | |a Soukup, Tom | ||
| 245 | 0 | |a Visual data mining : | |
| 245 | 0 | |b Techniques and tools for data visualization and mining | |
| 245 | 0 | |c Tom Soukup, Ian Davidson | |
| 260 | |a New York | ||
| 260 | |b Wiley Publ | ||
| 260 | |c c2002 | ||
| 520 | |a This book describes how various types of business problems can be solved using visual mining techniques. After introducing the business issues and fundamentals, it then presents a step-by-step methodology for implementing visual mining techniques into your own business intelligence project. | ||
| 650 | |a Data mining,Database searching,Information visualization,Khai thác dữ liệu,Tìm kiếm cơ sở dữ liệu,Thông tin ảo | ||
| 904 | |i QHieu | ||
| 980 | |a Trung tâm Học liệu Trường Đại học Cần Thơ | ||